<?xml version="1.0" encoding="UTF-8"?>
<record
    xmlns:xsi="http://www.w3.org/2001/XMLSchema-instance"
    xsi:schemaLocation="http://www.loc.gov/MARC21/slim http://www.loc.gov/standards/marcxml/schema/MARC21slim.xsd"
    xmlns="http://www.loc.gov/MARC21/slim">

  <leader>00995    a2200181   4500</leader>
  <controlfield tag="001">130983</controlfield>
  <datafield tag="020" ind1=" " ind2=" ">
    <subfield code="a">85-02-02449-3</subfield>
  </datafield>
  <datafield tag="040" ind1=" " ind2=" ">
    <subfield code="c">Leonardo Da Vinci</subfield>
  </datafield>
  <datafield tag="041" ind1=" " ind2=" ">
    <subfield code="a">Portugu&#xEA;s</subfield>
  </datafield>
  <datafield tag="082" ind1=" " ind2=" ">
    <subfield code="a">910 L967g</subfield>
    <subfield code="b">L967g</subfield>
  </datafield>
  <datafield tag="100" ind1=" " ind2=" ">
    <subfield code="a">LUCCI, Elian Alabi</subfield>
  </datafield>
  <datafield tag="245" ind1=" " ind2=" ">
    <subfield code="a">Geografia</subfield>
    <subfield code="b">o homem no espa&#xE7;o global</subfield>
  </datafield>
  <datafield tag="260" ind1=" " ind2=" ">
    <subfield code="b">Saraiva</subfield>
    <subfield code="c">1997</subfield>
    <subfield code="a">S&#xE3;o Paulo</subfield>
  </datafield>
  <datafield tag="300" ind1=" " ind2=" ">
    <subfield code="a">400</subfield>
  </datafield>
  <datafield tag="362" ind1=" " ind2=" ">
    <subfield code="a">19970000</subfield>
  </datafield>
  <datafield tag="697" ind1=" " ind2=" ">
    <subfield code="a">Geografia</subfield>
    <subfield code="a">Capitalismo</subfield>
    <subfield code="a">Revolu&#xE7;&#xE3;o Industrial</subfield>
    <subfield code="a">Imperalismo</subfield>
    <subfield code="a">Primeira Guerra Mundial</subfield>
    <subfield code="a">Socialismo</subfield>
    <subfield code="a">Taylorismo</subfield>
    <subfield code="a">Fordismo</subfield>
    <subfield code="a">Segunda Guerra Mundial</subfield>
    <subfield code="a">Plano Marshall</subfield>
    <subfield code="a">Geopol&#xED;tica</subfield>
    <subfield code="a">Ordem Bipolar</subfield>
    <subfield code="a">Ordem Multibipolar</subfield>
    <subfield code="a">Nova Ordem Internacional</subfield>
    <subfield code="a">Globaliza&#xE7;&#xE3;o</subfield>
    <subfield code="a">Guerra Fria</subfield>
    <subfield code="a">Industrializa&#xE7;&#xE3;o</subfield>
    <subfield code="a">Energia</subfield>
    <subfield code="a">Agricultura</subfield>
    <subfield code="a">Popula&#xE7;&#xE3;o</subfield>
    <subfield code="a">Urbaniza&#xE7;&#xE3;o</subfield>
    <subfield code="a">Migra&#xE7;&#xE3;o</subfield>
    <subfield code="a">&#xCA;xodo rural</subfield>
    <subfield code="a">Meio ambiente</subfield>
    <subfield code="a">Polui&#xE7;&#xE3;o</subfield>
    <subfield code="a">Efeito estufa</subfield>
    <subfield code="a">Lixo</subfield>
    <subfield code="a">Camada de oz&#xF4;nio</subfield>
    <subfield code="a">Chuva &#xE1;cida</subfield>
    <subfield code="a">Saneamento b&#xE1;sico</subfield>
    <subfield code="a">Fuso hor&#xE1;rio</subfield>
    <subfield code="a">Cartografia</subfield>
    <subfield code="a">Terra</subfield>
    <subfield code="a">Relevo</subfield>
    <subfield code="a">Solos</subfield>
    <subfield code="a">Vegeta&#xE7;&#xE3;o</subfield>
    <subfield code="a">Clima</subfield>
    <subfield code="a">El Nino</subfield>
    <subfield code="a">Hidrosfera</subfield>
    <subfield code="a">Oceano</subfield>
    <subfield code="a">Rio</subfield>
    <subfield code="a">Lago</subfield>
    <subfield code="a">Ensino M&#xE9;dio</subfield>
  </datafield>
  <datafield tag="942" ind1=" " ind2=" ">
    <subfield code="c">BK</subfield>
  </datafield>
  <datafield tag="952" ind1=" " ind2=" ">
    <subfield code="0">0</subfield>
    <subfield code="1">0</subfield>
    <subfield code="4">0</subfield>
    <subfield code="7">0</subfield>
    <subfield code="a">71.1</subfield>
    <subfield code="b">71.1</subfield>
    <subfield code="d">2024-03-27</subfield>
    <subfield code="l">0</subfield>
    <subfield code="o">910 L967g</subfield>
    <subfield code="p">O003333</subfield>
    <subfield code="r">2024-03-27 22:30:21</subfield>
    <subfield code="w">2024-03-27</subfield>
    <subfield code="y">BK</subfield>
  </datafield>
  <datafield tag="999" ind1=" " ind2=" ">
    <subfield code="c">130983</subfield>
    <subfield code="d">130983</subfield>
  </datafield>
</record>
